| 000 | 00503nam a2200205Ia 4500 | ||
|---|---|---|---|
| 001 | 40939 | ||
| 005 | 20240114003359.0 | ||
| 007 | ta | ||
| 008 | 080129s g b000 u 465 u | ||
| 040 | _aCottonCollege,Assam | ||
| 041 | _a465 | ||
| 082 |
_a350.1 _bG 55 Pu |
||
| 100 | _a.Goel, S.L.. | ||
| 245 | 0 |
_aPublic Personal Administation / _cS.L.Goel. _hTextual Documents |
|
| 260 |
_aSl : _bSn , _c1969. |
||
| 653 | _aPol.Sc | ||
| 942 |
_2ddc _cBK |
||
| 999 |
_c40909 _d40909 |
||